| Tag |
First Indicator |
Second Indicator |
Subfields |
| LEADER |
00000cam a2200000 4500 |
| 001 |
in00002783496 |
| 005 |
20150922151141.0 |
| 008 |
700622s1970 dcua b 000 0 eng |
| 010 |
|
|
|a 75606462
|
| 019 |
|
|
|a 504346769
|
| 035 |
|
|
|a (OCoLC)ocm00078930
|
| 035 |
|
|
|a (OCoLC)78930
|z (OCoLC)504346769
|
| 040 |
|
|
|a DLC
|b eng
|c DLC
|d IAS
|d UtOrBLW
|
| 049 |
|
|
|a TXAM
|
| 050 |
0 |
4 |
|a QE75
|b .P9 no. 662-A
|
| 051 |
|
|
|a TC171
|b .E53
|c Copy 2.
|
| 082 |
0 |
4 |
|a 550/.8 s
|
| 086 |
0 |
|
|a I 19.16:662-A
|
| 100 |
1 |
|
|a Emmett, William W.
|
| 245 |
1 |
4 |
|a The hydraulics of overland flow on hillslopes /
|c by William W. Emmett.
|
| 264 |
|
1 |
|a Washington :
|b U.S. Govt. Print. Off,
|c 1970.
|
| 300 |
|
|
|a iv, 68 pages :
|b illustrations ;
|c 29 cm.
|
| 336 |
|
|
|a text
|b txt
|2 rdacontent
|
| 337 |
|
|
|a unmediated
|b n
|2 rdamedia
|
| 338 |
|
|
|a volume
|b nc
|2 rdacarrier
|
| 490 |
1 |
|
|a Dynamic and descriptive studies of hillslopes
|
| 490 |
1 |
|
|a Geological Survey professional paper 662-A
|
| 504 |
|
|
|a Bibliography: pages 45-46.
|
| 650 |
|
0 |
|a Runoff.
|
| 650 |
|
0 |
|a Hydraulics.
|
| 830 |
|
0 |
|a Dynamic and descriptive studies of hillslopes.
|
| 830 |
|
0 |
|a Geological Survey professional paper ;
|v 662-A.
|
| 948 |
|
|
|a cataloged
|b h
|c 2012/11/27
|d c
|e mvaldespin
|f 01:26:59 pm
|
| 994 |
|
|
|a C0
|b TXA
|
| 999 |
|
|
|a MARS
|
| 999 |
f |
f |
|s d6f8c694-872f-314f-a5da-830121ba8b1a
|i 65035934-5c97-32b2-8d88-878f426288e5
|t 0
|
| 952 |
f |
f |
|p normal
|a Texas A&M University
|b College Station
|c Sterling C. Evans Library
|d Evans: US Documents (Annex 5th floor)
|t 0
|e I 19.16:662-A
|h Superintendent of Documents classification
|i unmediated -- volume
|m A14839368806
|
| 998 |
f |
f |
|a I 19.16:662-A
|t 0
|l Evans: US Documents (Annex 5th floor)
|